| 000 | 06900nas a22002897a 4500 | ||
|---|---|---|---|
| 003 | NALT | ||
| 005 | 20250805111837.0 | ||
| 006 | a|||p|r|||| 00| 0 | ||
| 007 | ta | ||
| 008 | 250729b th |||p| |||| 00| 0 tha d | ||
| 022 | 0 | 0 | _a01250957 |
| 040 | _aNALT | ||
| 041 | _atha | ||
| 245 | 0 | 0 | _aรัฐสภาสาร ปีที่ 3 ฉบับที่ 1-3 (7-21 ธันวาคม 2497). |
| 260 | _aสำนักงายเลขาธิการสภาผู้แทนราษฎร | ||
| 310 | _aรายสัปดาห์ | ||
| 500 | _aวารสารเย็บเล่ม | ||
| 505 | 2 | _aปีที่ 3 ฉบับที่ 1 7 ธ.ค. 2497 -- รัฐธรรมนูญแห่งราชอาณาจักรไทย คำแปลเป็นภาษาอังกฤษ -- สัญญาประนีประนอมยอมความ -- ระบบการเมืองของสหรัฐอเมริกา -- รัฐบาลท้องถิ่น -- รัฐนิวยอร์ก ค.ศ. 1953 -- ประชาธิปไตย -- กระทู้ถาม -- การบริจาคทรัพย์สร้างตึกสามัคยาจารย์ใหญ่ -- การสร้างอาคารรอบตลาดสดเมืองอุบลราชธานี -- โรงเรียนประชาบาลถูกพายุพัดพังทลาย จังหวัดนครศรีธรรมราช -- การจราจรในพระนคร -- ถวายพระพรชัยมงคลเนื่องในพระราชพิธีเฉลิมพระชนมพรรษา 2497 -- 5 ธันวาคม 2497 -- ผู้แทนสมาชิกรัฐสภาอังกฤษเยี่ยมประเทศไทย. | |
| 505 | 2 | _aปีที่ 3 ฉบับพิเศษ 10 ธ.ค. 2497 -- หนังสือรัฐสภาสาร -- บรรณาธิการแถลง -- ราชสดุดี -- คำถวายพระพรชัยมงคล -- รัฐธรรมนูญ -- คำขวัญนายกรัฐมนตรี -- คำขวัญรองนายกรัฐมนตรี -- คำขวัญประธานสภาผู้แทนราษฎร -- คำขวัญรัฐมนตรี -- การสร้างความดี -- จรรยาของคณะวัชชี -- ระบอบประชาชนเป็นใหญ่ -- ระบอบประชาธิปไตย -- อิสรภาพ -- ญาติ ไหวดี -- สมาชิกสภาผู้แทนราษฎรจังหวัดสุรินทร์ -- พระศรีวิสุทธิวงศ์ -- มงคลสี่ -- การเจริญวิปัสสนากรรมฐาน -- ความสงบ -- เทศบาลนครปารีส -- การปกครองในนครปารีส -- ความเจริญเติบโตของประชาธิปไตย -- ประชาธิปไตยในกรีก -- ความอ่อนแอของรัฐเอเธนส์ -- ประชาธิปไตยในยุโรป -- องค์การระหว่างชาติ -- องค์การสหภาพรัฐสภา -- เช็ค -- พระที่นั่งอนันตสมาคม -- ที่ประชุมสภาผู้แทนราษฎร -- ประธานสภาผู้แทนราษฎร -- หัวหน้าคณะผู้แทนหน่วยรัฐสภาไทยร่วมประชุมสหภาพรัฐสภา ครั้งที่ 43 ออสเตรีย -- การทำสันติภาพหลังสงคราม -- นักการเมืองกับรัฐบุรุษ -- ประเทศสวิสส์ -- สหพันธ์สวิสส์ -- การดำรงชีวิต -- วันรัฐธรรมนูญ -- ศาลยุติธรรม -- กิจการสภาผู้แทนราษฎรในรอบปี 2497 -- ประเสริฐ ปัทมะสุคนธ์ -- การสร้างพุทธบุรี -- การจัดสรรเงิน ก.ศ.ส. เพื่อการศึกษาของจังหวัด -- การห้ามโอนครูไปต่างกระทรวง -- การส่งเสริมและช่วยเหลือชาวนา. | |
| 505 | 2 | _aปีที่ 3 ฉบับที่ 3 21 ธ.ค. 2497 -- สาส์นนายกรัฐมนตรี -- วันสิทธิมนุษยชน -- 10 ธันวาคม 2497 -- รัฐธรรมนูญแห่งราชอาณาจักรไทย คำแปลเป็นภาษาอังกฤษ -- บุคคลในกฎหมายระหว่างประเทศ -- สำนักสันตะปาปา -- คณะกรรมาธิการถาวรและองค์การบริหารงานระหว่างประเทศ -- สหประชาชาติ --วิทยาการว่าด้วยสงครามจิตวิทยา -- โซเวียต -- การเลือกตั้งในโซเวียต -- คำปราศรัยจอมพล ป. พิบูลสงคราม -- กระทู้ถาม -- การให้เช่าที่วัด -- การอบรมศีลธรรมแก่ประชาชน -- สลากรางวัลทองคำงานฉลองรัฐธรรมนูญปี 2497 -- ทางหลวงจังหวัดอุบลราชธานี -- สมเด็จพระเจ้ากรุงกัมพูชาเสด็จเยี่ยมประเทศไทย -- ประธานสำนักวัฒนธรรมต้อนรับสมาชิกรัฐสภาอังกฤษ -- งานเลี้ยงคณะหน่วยรัฐสภาอังกฤษ -- คณะผู้แทนสมาชิกรัฐสภาอังกฤษเยี่ยมประเทศไทย. | |
| 650 | 0 |
_aการเมือง _950904 |
|
| 650 | 0 |
_aรัฐสภา _zไทย _944407 |
|
| 850 | _aNALT | ||
| 866 | _aรัฐสภาสาร ปีที่ 3 ฉบับที่ 1-3 (7-21 ธันวาคม 2497) | ||
| 942 |
_cBOUND _2lcc |
||
| 996 |
_ajintana.i _bSERSTF _c2025-07-29 |
||
| 999 |
_c107031 _d107031 |
||
| 998 |
_j179 _k นางสาวอรุณทิพย์ จันทร์ดิษฐ์ |
||